Регионална библиотека "Любен Каравелов" - Русе

Домашен щурец (Запис номер 141536)

MARC детайли
000 -Лидер
Контролно поле с фиксирана дължина nam a22 a 4500
003 - Код на организацията, давaща контролен номер
Контролно поле BLK
005 - Дата и час на последна редакция
Контролно поле 20230116111802.0
008 - Елементи от данни с фиксирана дължина
fixed length control field 180409b bul|||||r ||||||| ||bul||
010 ## - Наследен системен номер
LC control number KNG00147607000
040 ## - Източник на каталожния запис
Идентификатор на билиотеката - собственик на записа BLK
041 ## - Код за език
Код за езика на текст/звукозапис или на отделно заглавие Български
Код за езика КДБФ Български
080 ## - УДК
Текстов определител УДК Българска литература
УДК код - определител по УДК 821.163.2
УДК определител -93-8
УДК - код + определител 821.163.2-93-8
100 1# - Редна дума - Автор
Автор Пантелеев, Димитър
Авторска отговорност първи автор
Автор - информация (биография) Менкаджиев, Димитър Пантелеев
R(LIN) 367299
139 ## - Редно поле
Редна дума Пантелеев, Димитър
Авторски знак Пант - П 19
245 10 - Сведения за заглавието
Заглавие Домашен щурец
Подзаглавни данни Сб. за деца
Редно поле (дума) Димитър Пантелеев; ил. Весела Бракалова; * Димитър Пантелеев Менкаджиев.
257 ## - Страна на издаване
Страна на създаване/издаване България
260 ## - Област на издателските данни
Име на издателя, разпространителя и проч. Бълг. писател
Година на издаване 1988
Място на издаване, разпространение и проч. София
300 ## - Физическа характеристика
Страници 80 с.
Илюстрации и др. с цв. ил.
Размери/Мащаб 22 см
380 ## - Жанр
Жанр Детска худож. лит.
500 ## - Общи забележки
Забележка Пълното име на авт. е Димитър Пантелеев Менкаджиев. - 50 111 тир.
700 1# - Други автори (авторска отговорност)
Лично име Бракалова, Весела
Автороска отговорност (Описва отношението между автора и произведението) ил.
9 (RLIN) 42862
700 1# - Други автори (авторска отговорност)
Лично име Менкаджиев, Димитър Пантелеев
Автороска отговорност (Описва отношението между автора и произведението) *
9 (RLIN) 274881
852 ## - Местоположение
Форматна сигнатура Цб 261880
856 4# - Електронен адрес и достъп
Електронен формат pdf - файл
Инструкция (цена за достъп) 0.00
Права за достъп disable
856 4# - Електронен адрес и достъп
Електронен формат pdf - файл
Инструкция (цена за достъп) 0.00
Права за достъп disable
999 ## - СИСТЕМНИ КОНТРОЛНИ НОМЕРА
Koha biblionumber 141536
Koha biblioitemnumber 141536
942 ## - АРТИКУЛИ
Вид на библиотечния материал Книги
Скрит в OPAC Не
Периодичен библиозапис Да
944 ## - СЪЗДАВАНЕ И РЕДАКЦИЯ на ЗАПИСА
Създаване/Редакция Създаване
Дата на регистрацията/редакция 29.07.2013
Статус, дата на статуса 29.07.2013 - от С1,Р / 29.07.2013
Служител, извършил регистрацията/редакцията Серджан_Ахмедов
944 ## - СЪЗДАВАНЕ И РЕДАКЦИЯ на ЗАПИСА
Създаване/Редакция Редакция
Дата на регистрацията/редакция 15.09.2017
Статус, дата на статуса 29.07.2013 - от С1,Р / 29.07.2013
Служител, извършил регистрацията/редакцията Елица_Владова
999 ## - СИСТЕМНИ КОНТРОЛНИ НОМЕРА
Koha biblioitemnumber 141536
Наличности
Код за отписване Код за изгубен артикул Източник на класификационната схема Код за повреда Коз за рестрикции Код за отдаване Артикулен № Име на библиотеката - собственик Име на библиотеката, в която се намира в момента Статус (Текущо местоположение) Дата на вписване в системата Местоположение - отдел Цена в лева Инвентарен номер Систематично азбучна сигнатура Баркод Номер на екземпляра Цена в евро Служебна бележка Служебен тип на артикула Бележка за публиката
  Не е изгубен Universal Decimal Classification Не е повреден без рестрикции ползва се в читалня 233199 Регионална библиотека "Любен Каравелов" Русе Регионална библиотека "Любен Каравелов" Русе Хранилище 1988-01-01 Хранилище 0.66 525289 Цб 261880 120000525289 1 0.34 Вид: СФ N: стар фонд Дата: 01.01.1988 Книги  
Изтеглен Не е изгубен   Не е повреден без рестрикции заемане за дома 233200 Регионална библиотека "Любен Каравелов" Русе Регионална библиотека "Любен Каравелов" Русе   1988-01-01 Детски отдел 0.66 526339 ДХ 886.7/П 19 526339 2 0.34 Вид: СФ N: стар фонд Дата: 01.01.1988 Дата инв: 09.09.2015 Бележки инв: Д2015 Книги Отч.N: 31/2017 , Дата: 01.09.2017
  Не е изгубен Universal Decimal Classification Не е повреден без рестрикции заемане за дома 233201 Регионална библиотека "Любен Каравелов" Русе Регионална библиотека "Любен Каравелов" Русе Детски отдел 1988-01-01 Детски отдел 0.66 526340 ДХ 886.7/П 19 120000526340 3 0.34 Вид: СФ N: стар фонд Дата: 01.01.1988 Дата инв: 04.08.2015 Бележки инв: Д2015 Книги  
Изтеглен Не е изгубен   Не е повреден без рестрикции заемане за дома 233202 Регионална библиотека "Любен Каравелов" Русе Регионална библиотека "Любен Каравелов" Русе Детски отдел 1988-01-01 Детски отдел 0.66 526341 ДХ 886.7/П 19 526341 4 0.34 Вид: СФ N: стар фонд Дата: 01.01.1988 Дата инв: 04.08.2015 Бележки инв: Д2015 Книги  
  Не е изгубен Universal Decimal Classification Не е повреден без рестрикции заемане за дома 233203 Регионална библиотека "Любен Каравелов" Русе Регионална библиотека "Любен Каравелов" Русе Детски отдел 1988-01-01 Детски отдел 0.66 526342 ДХ 886.7/П 19 120000526342 5 0.34 Вид: СФ N: стар фонд Дата: 01.01.1988 Дата инв: 04.08.2015 Бележки инв: Д2015 Книги  
  Не е изгубен Universal Decimal Classification Не е повреден без рестрикции заемане за дома 233204 Регионална библиотека "Любен Каравелов" Русе Регионална библиотека "Любен Каравелов" Русе Детски отдел 1988-01-01 Детски отдел 0.66 526343 ДХ 886.7/П 19 120000526343 6 0.34 Вид: СФ N: стар фонд Дата: 01.01.1988 Дата инв: 09.09.2015 Бележки инв: Д2015 Книги  
Vip Innovations Ltd, Rousse, Bulgaria 2025